| 000 | 00439nam a2200145 a 4500 | ||
|---|---|---|---|
| 005 | 20140414093842.0 | ||
| 008 | 081125s19uu xx uuu eng d | ||
| 050 |
_aVCD 940.53 _bR25 2004 |
||
| 100 | _aRees, Laurence | ||
| 245 |
_aWar of the century, when Hitler fought Stalin : _bLearning to win / _cLaurence Rees. |
||
| 260 |
_aQuezon City : _bMagnaVision, _cc2004. |
||
| 650 | _aWorld War, 1939-1945. | ||
| 942 | _cAVM | ||
| 999 |
_c109345 _d109345 |
||